Система измерения и стабилизации температуры на базе измерительного регулятора МЕТАКОН-523; Схемотехника; № 3

Bibliografiske detaljer
Parent link:Схемотехника: научно-технический журнал.— , 2002-2007
№ 3.— 2004.— С. 14-17
Hovedforfatter: Шишкин С.
Sprog:russisk
Udgivet: 2004
Serier:Промышленная электронка
Fag:
Format: MixedMaterials Book Chapter
KOHA link:https://koha.lib.tpu.ru/cgi-bin/koha/opac-detail.pl?biblionumber=391505

MARC

LEADER 00000naa2a2200000 4500
001 391505
005 20231101064107.0
035 |a (RuTPU)RU\TPU\prd\25775 
090 |a 391505 
100 |a 20040427a2004 k y0rusy50 ca 
101 0 |a rus 
102 |a RU 
200 1 |a Система измерения и стабилизации температуры на базе измерительного регулятора МЕТАКОН-523  |f С. Шишкин 
225 1 |a Промышленная электронка 
311 |a Продолжение. Начало: 2004, №2. 
320 |a Библиогр.: 2 назв. 
461 1 |0 (RuTPU)RU\TPU\prd\2494  |t Схемотехника  |o научно-технический журнал  |d 2002-2007 
463 1 |0 (RuTPU)RU\TPU\prd\24912  |t № 3  |v С. 14-17  |d 2004 
610 1 |a измерения 
610 1 |a системы измерения 
610 1 |a температура 
610 1 |a стабилизация 
610 1 |a измерительные регуляторы 
610 1 |a регуляторы 
700 1 |a Шишкин  |b С. 
801 1 |a RU  |b 63413507  |c 20040427  |g PSBO 
801 2 |a RU  |b 63413507  |c 20131218  |g RCR 
942 |c BK